Library Banner

Rasail-e-Shah Walli Ullah (Urdu) (Record no. 62036)

MARC details
000 -LEADER
fixed length control field 00529nam a2200181Ia 4500
001 - CONTROL NUMBER
control field 61593
008 - FIXED-LENGTH DATA ELEMENTS--GENERAL INFORMATION
fixed length control field 141120s9999 xx 000 0 und d
020 ## - INTERNATIONAL STANDARD BOOK NUMBER
International Standard Book Number NA
040 ## - CATALOGING SOURCE
Transcribing agency PK-LaUMT
082 ## - DEWEY DECIMAL CLASSIFICATION NUMBER
Classification number 297.4
Item number SHA-R
100 ## - MAIN ENTRY--PERSONAL NAME
Personal name Shah Walli Ullah Mohaddis Dehlvi
245 ## - TITLE STATEMENT
Title Rasail-e-Shah Walli Ullah (Urdu)
Statement of responsibility, etc Shah Walli Ullah Mohaddis Dehlvi|Farooq Qadari, Syed Muhammad
260 ## - PUBLICATION, DISTRIBUTION, ETC. (IMPRINT)
Place of publication, distribution, etc Gujranwala,Pakistan:
Name of publisher, distributor, etc Awaisi Book Stall,
Date of publication, distribution, etc N.D
300 ## - PHYSICAL DESCRIPTION
Extent 208 p.
546 ## - LANGUAGE NOTE
Language note UR
700 ## - ADDED ENTRY--PERSONAL NAME
Personal name Farooq Qadari, Syed Muhammad
942 ## - ADDED ENTRY ELEMENTS (KOHA)
Koha item type Books
Holdings
Withdrawn status Lost status Damaged status Not for loan Home library Current library Date acquired Total Checkouts Full call number Barcode Date last seen Date checked out Price effective from Koha item type
        UMT Main Campus UMT Main Campus 2014-11-18 1 297.4 SHA-R 82332 2019-12-21 2019-12-15 2014-11-20 Books